书目信息 |
| 题名: |
无尽的探索
|
|
| 作者: | 范江弟 主编 | |
| 分册: | ||
| 出版信息: | 北京 北京大学出版社 2014.12 |
|
| 页数: | 338页 | |
| 开本: | 23cm | |
| 丛书名: | 中外物理学精品书系 | |
| 单 册: | ||
| 中图分类: | O511 | |
| 科图分类: | ||
| 主题词: | 超导--研究 | |
| 电子资源: | ||
| ISBN: | 978-7-301-25149-2 | |
| 000 | 01029nam0 2200289 450 | |
| 001 | 844 | |
| 001 | 01CN10653278@CSLN | |
| 005 | 20160909103108.53 | |
| 010 | @a978-7-301-25149-2@b平装@dCNY98.00 | |
| 100 | @a20150109d2015 em y0chiy50 ea | |
| 101 | 0 | @aeng |
| 102 | @aCN@b110000 | |
| 105 | @aak z 000yy | |
| 200 | 1 | @a无尽的探索@9wu jin de tan suo@e超导前沿理论、实验和应用@f(美)范江弟主编 |
| 210 | @a北京@c北京大学出版社@d2014.12 | |
| 215 | @a338页@c彩图@d23cm | |
| 225 | 2 | @a中外物理学精品书系@9zhong wai wu li xue jing pin shu xi |
| 300 | @a一般读者 | |
| 330 | @a本书基本囊括了超导机制理论界当今的主要学术思想。此外还大量篇幅介绍了高温超导体性能的实验发现和超导体的实际应用的可行性方面。 | |
| 333 | @a物理学相关领域 | |
| 461 | 0 | @12001 @a中外物理学精品书系 |
| 517 | @a超导前沿理论、实验和应用@9chao dao qian yan li lun shi yan he ying yong | |
| 606 | 0 | @a超导@x研究 |
| 690 | @aO511@v4 | |
| 701 | 0 | @c(美)@a范江弟@9fan jiang di@4主编 |
| 801 | 0 | @aCN@b唐山师范学院图书馆@c20160724 |
| 905 | @aZUCC@dO511@e16 | |
| 无尽的探索:超导前沿理论、实验和应用/(美)范江弟主编.-北京:北京大学出版社,2014.12 |
| 338页:彩图;23cm.-(中外物理学精品书系) |
| 一般读者.-使用对象:物理学相关领域 |
| ISBN 978-7-301-25149-2(平装):CNY98.00 |
| 本书基本囊括了超导机制理论界当今的主要学术思想。此外还大量篇幅介绍了高温超导体性能的实验发现和超导体的实际应用的可行性方面。 |
| ● |
| 相关链接 |
|
|
|
|
正题名:无尽的探索
索取号:O511/16
 
预约/预借
| 序号 | 登录号 | 条形码 | 馆藏地/架位号 | 状态 | 备注 |
| 1 | 903693 | 209036933 | 第二样本阅览室/ [索取号:O511/16] | 在馆 | |
| 2 | 903694 | 209036942 | 第三借阅区/ [索取号:O511/16] | 在馆 | |
| 3 | 903695 | 209036951 | 第三借阅区/ [索取号:O511/16] | 在馆 | |
| 4 | 903696 | 209036960 | 第三借阅区/ [索取号:O511/16] | 在馆 |